000 00288nam a22001337a 4500
008 170919b xxu||||| |||| 00| 0 eng d
020 _at 3442
041 _aeng
080 _a7
100 _a44
101 _aART
245 _aMASTERPIECES OF GREEK ART
_cSCHODER, R.V
942 _2udc
_cBK
999 _c28153
_d28153